Statistics for Tottenham Squad 21/22

Click here to take the quiz!

General Stats

  • This quiz has been taken 33 times
    (12 since last reset)
  • The average score is 20 of 26

Answer Stats

NumberAnswer% Correct
#6 (DF)Davinson Sanchez
100%
#10 (FW)Harry Kane
100%
#7 (FW)Heung-Min Son
100%
#1 (GK)Hugo Lloris
100%
#15 (DF)Eric Dier
90%
#27 (MD)Lucas
90%
#29 (MD)Oliver Skipp
90%
#33 (DF)Ben Davies
80%
#4 (DF)Cristian Romero
80%
#20 (MD)Dele Alli
80%
#18 (MD)Giovani Lo Celso
80%
#8 (MD)Harry Winks
80%
- (MAN)Nuno Espirato Santo
80%
#22 (GK)Pierluigi Gollini
80%
#5 (MD)Pierre-Emile Hojbjerg
80%
#3 (DF)Sergio Reguilon
80%
#12 (DF)Emerson Royal
70%
#25 (DF)Japhet Tanganga
70%
#2 (DF)Matt Doherty
70%
#23 (MD)Steven Bergwijn
70%
#53 (FW)Dane Scarlett
60%
#28 (MD)Tanguy Ndombele
60%
#11 (FW)Bryan Gil
50%
#47 (FW)Jack Clarke
50%
#14 (DF)Joe Rodon
50%
#19 (MD)Ryan Sessegnon
50%

Score Distribution

Percentile by Number Answered

Percent of People with Each Score

Your Score History

You have not taken this quiz since the last reset